Internal-combustion engines (Record no. 20584)

000 -LEADER
fixed length control field 00522nam a22001931 4500
001 - CONTROL NUMBER
control field 20584
003 - CONTROL NUMBER IDENTIFIER
control field BD-DhUET
008 - FIXED-LENGTH DATA ELEMENTS--GENERAL INFORMATION
fixed length control field 750306s1945 nyua b 000 0 eng
040 ## - CATALOGING SOURCE
Original cataloging agency DLC
Transcribing agency DLC
Modifying agency BD-DhUET
082 ## - DEWEY DECIMAL CLASSIFICATION NUMBER
Classification number 621.43
Item number MAL/1945
100 ## - MAIN ENTRY--PERSONAL NAME
Personal name Maleev, V. L.
245 10 - TITLE STATEMENT
Title Internal-combustion engines
Remainder of title theory and design
250 ## - EDITION STATEMENT
Edition statement 2nd ed.
260 ## - PUBLICATION, DISTRIBUTION, ETC. (IMPRINT)
Place of publication, distribution, etc. London
Name of publisher, distributor, etc. McGraw-Hill
Date of publication, distribution, etc. 1945
300 ## - PHYSICAL DESCRIPTION
Extent xii, 636 p.
Other physical details ill.
Dimensions 22 cm.
504 ## - BIBLIOGRAPHY, ETC. NOTE
Bibliography, etc Includes bibliographies
650 #0 - SUBJECT ADDED ENTRY--TOPICAL TERM
Topical term or geographic name as entry element Internal combustion engines
942 ## - ADDED ENTRY ELEMENTS (KOHA)
Koha item type General Book
Holdings
Damaged status Date acquired Koha item type Not for loan Price effective from Withdrawn status Piece designation (barcode) Koha full call number Copy number Lost status Shelving location Source of classification or shelving scheme Sublocation or collection (holding branch) Koha date last seen Location (home branch) Koha normalized classification for sorting
 2015-04-12General Book 2015-04-12 20397621.43/MAL/19451 Circulation section Central Library, BUET2015-04-12Central Library, BUET621_430000000000000_MAL_1945
 2015-04-13General Book 2015-04-13 6558621.43/MAL/19452 Circulation section Central Library, BUET2015-04-13Central Library, BUET621_430000000000000_MAL_1945
 2015-04-13General Book 2015-04-13 1951a621.43/MAL/19453 Circulation section Central Library, BUET2015-04-13Central Library, BUET621_430000000000000_MAL_1945
 2015-04-18General Book 2015-04-18 11309621.43/MAL/19454 Circulation section Central Library, BUET2015-04-18Central Library, BUET621_430000000000000_MAL_1945
 2015-06-16Reading Item 2015-06-16 43348621.43/MAL/19455 Reading section Central Library, BUET2015-06-16Central Library, BUET621_430000000000000_MAL_1945
 2015-06-30Reading Item 2015-06-30 16327621.43/MAL/19456 Reading section Central Library, BUET2015-06-30Central Library, BUET621_430000000000000_MAL_1945
 2015-07-02Reading Item 2015-07-02 43347621.43/MAL/19457 Reading section Central Library, BUET2015-07-02Central Library, BUET621_430000000000000_MAL_1945